Guidance on the use of remediation orders (Record no. 121679)
[ view plain ]
| 000 -LEADER | |
|---|---|
| fixed length control field | 01484nam a22002177a 4500 |
| 008 - FIXED-LENGTH DATA ELEMENTS--GENERAL INFORMATION | |
| fixed length control field | 231018s2023 ||||| ||||o00| 0 eng d |
| 110 ## - MAIN ENTRY--CORPORATE NAME | |
| 9 (RLIN) | 6315 |
| Corporate author | Department for Levelling Up, Housing and Communities |
| 245 ## - TITLE STATEMENT | |
| Title | Guidance on the use of remediation orders |
| 260 ## - PUBLICATION INFORMATION | |
| Publisher | Department for Levelling Up, Housing and Communities, |
| Date | 16 October 2023 |
| 520 ## - ABSTRACT | |
| Abstract | DLUHC’s guidance on the use of remediation orders provides a framework for any person considering making an application for a remediation order.<br/><br/>Remediation orders were introduced under the Building Safety Act 2022 to ensure that essential remediation work required to remedy relevant defects takes place without delay. Regulatory bodies and leaseholders can apply to the First-tier Tribunal for a remediation order to compel a relevant landlord to remedy relevant defects by a specified time.<br/><br/>The guidance describes the key stages in the remediation order process including information-gathering, pre-action correspondence, completing the application form and the Tribunal process. |
| 520 ## - ABSTRACT | |
| Abstract | Applies to England |
| 650 ## - KEYWORDS | |
| Keywords | CLADDING |
| 650 ## - KEYWORDS | |
| Keywords | REMEDIATION |
| 650 ## - KEYWORDS | |
| Keywords | BUILDING SAFETY |
| 650 ## - KEYWORDS | |
| Keywords | FIRE SAFETY |
| 651 ## - SUBJECT ADDED ENTRY--GEOGRAPHIC NAME | |
| Geographic name | England |
| 690 ## - LOCAL SUBJECT ADDED ENTRY--TOPICAL TERM (OCLC, RLIN) | |
| 9 (RLIN) | 6223 |
| Topical term or geographic name as entry element | Building materials & defects |
| 690 ## - LOCAL SUBJECT ADDED ENTRY--TOPICAL TERM (OCLC, RLIN) | |
| 9 (RLIN) | 6222 |
| Topical term or geographic name as entry element | Building control |
| 710 ## - ADDED CORPORATE NAME | |
| 9 (RLIN) | 6315 |
| Added corporate author | Department for Levelling Up, Housing and Communities |
| 856 ## - ONLINE RESOURCE | |
| Uniform Resource Identifier | https://www.gov.uk/guidance/guidance-on-the-use-of-remediation-orders |
| Public note | Available on .gov.uk |
| Withdrawn status | Lost status | Source of classification or shelving scheme | Damaged status | Not for loan | Home library | Current library | Shelving location | Date acquired | Total Checkouts | Date last seen | Price effective from | Koha item type |
|---|---|---|---|---|---|---|---|---|---|---|---|---|
| Dewey Decimal Classification | Virtual | Virtual | Online | 18/10/2023 | 18/10/2023 | 18/10/2023 | Online material |